| Поле | Инд. | ПП | Название | Значение |
|---|---|---|---|---|
| Тип записи | a | |||
| Библиографический уровень | m | |||
| 001 | Контрольный номер | RU/LIBMSTU/359130093 | ||
| 005 | Дата корректировки | 20181218105430.4 | ||
| 008 | Кодируемые данные | 110524|||||||||ru |||||||||||000|||rus|| | ||
| 020 | a | ISBN | 978-5-4222-0065-8 | |
| c | Цена, тираж | 80-00 | ||
| 040 | b | Код языка каталог. | rus | |
| 041 | 0_ | a | Код языка текста | rus |
| 084 | a | Индекс другой классификации/Индекс ББК | 66.4(2Рос)+66.4(4)+63.3(2Рос-4Мур) | |
| 090 | a | Полочн. индекс | 66.4 | |
| x | Авторский знак | С 67 | ||
| 245 | 10 | a | Заглавие | Сотрудничество России и стран Северной Европы в социально-гуманитарной сфере |
| b | Продолж. заглавия | конец XX - нач. XXI вв. : [сб. науч. ст.] | ||
| c | Ответственность | М-во образования и науки Рос. Федерации, Мурман. гос. гуманитар. ун-т ; [науч. ред. М. Б. Ильичева] | ||
| 260 | a | Место издания | Мурманск | |
| b | Издательство | Изд-во МГГУ | ||
| c | Дата издания | 2010 | ||
| 300 | a | Объем | 107 с. | |
| 583 | x | Служебное примечание | Арктические исследования | |
| x | Служебное примечание | Краеведческий каталог | ||
| 650 | 04 | a | Основная рубрика | Россия-Взаимоотношения-Северная Европа-Сборники |
| 650 | 14 | a | Основная рубрика | Северная Европа-Взаимоотношения-Россия-Сборники |
| 651 | _4 | a | Географическое наименование | Россия |
| 651 | _4 | a | Географическое наименование | Северная Европа |
| 651 | _4 | a | Географическое наименование | Мурманская область |
| 653 | 0_ | a | Ключевые слова | Исследования арктические |
| a | Ключевые слова | Баренцево сотрудничество | ||
| a | Ключевые слова | Российско-норвежское сотрудничество | ||
| a | Ключевые слова | Советско-норвежские отношения | ||
| a | Ключевые слова | Сотрудничество международное | ||
| a | Ключевые слова | Социально-гуманитарное отношение | ||
| a | Ключевые слова | Финско-российские отношения | ||
| 700 | 12 | a | Другие авторы | Ильичев М. Б. |
| e | Роль лиц | ред. | ||
| 901 | t | Тип документа | m |